000 00314nam a2200133Ia 4500
008 231129s1994||||xx |||||||||||||| ||spa||
040 _bspa
082 _a658.4013 T693g
100 _aTorres S. Maria A.
245 0 _aGestion de calidad en la industria
260 _c1994
264 _aSecab
942 _2ddc
_cBKS
999 _c14486
_d14486